000 00587 a2200169 4500
020 _a8129700840
040 _aDLC
_bDLC
082 _a621.382
100 _aProakis, John G.
245 _aDigital signal processing: principles, algorithms, and applications
_cprinciples, algorithms, and applications
_hJohn G. Proakis
250 _a3rd ed.
260 _aNew Delhi :
_bPearson Education Inc.,
_cc1996.
300 _axv, 967p. :
_bill. ;
_c24 cm.
500 _aIncludes bibliographical references and index
650 _aSignal processing--Digital techniques.
942 _cBK
_k621.3822 PRO
_2ddc
999 _c4677
_d4677